<?xml version="1.0" encoding="UTF-8"?>
<record
    xmlns:xsi="http://www.w3.org/2001/XMLSchema-instance"
    xsi:schemaLocation="http://www.loc.gov/MARC21/slim http://www.loc.gov/standards/marcxml/schema/MARC21slim.xsd"
    xmlns="http://www.loc.gov/MARC21/slim">

  <leader>01149nam a2200277 i 4500</leader>
  <controlfield tag="001">5381</controlfield>
  <controlfield tag="003">ES-MaACL</controlfield>
  <controlfield tag="005">20250811084917.0</controlfield>
  <controlfield tag="007">t|</controlfield>
  <controlfield tag="008">880609s1986    sp           ||||0| spa d</controlfield>
  <datafield tag="020" ind1=" " ind2=" ">
    <subfield code="a">84-505-5052-1</subfield>
  </datafield>
  <datafield tag="080" ind1=" " ind2=" ">
    <subfield code="a">7.031(463.3)</subfield>
  </datafield>
  <datafield tag="080" ind1=" " ind2=" ">
    <subfield code="a">571.7(119.1:463.3)</subfield>
  </datafield>
  <datafield tag="245" ind1="0" ind2="0">
    <subfield code="a">Estudio de arte paleolitico / </subfield>
    <subfield code="c">Centro de Investigacion y Museo de Altamira.</subfield>
  </datafield>
  <datafield tag="250" ind1=" " ind2=" ">
    <subfield code="a">1a.ed.</subfield>
  </datafield>
  <datafield tag="260" ind1=" " ind2=" ">
    <subfield code="a">Madrid : </subfield>
    <subfield code="b">Ministerio de Cultura, Direccion General de Bellas Artes y Archivos, Subdireccion General de Arqueologia y Etnografia, </subfield>
    <subfield code="c">1986.</subfield>
  </datafield>
  <datafield tag="300" ind1=" " ind2=" ">
    <subfield code="a">270 p. : </subfield>
    <subfield code="b">il. ; </subfield>
    <subfield code="c">31 cm.</subfield>
  </datafield>
  <datafield tag="490" ind1="1" ind2=" ">
    <subfield code="a">Monograf&#xED;as del Centro de Investigaci&#xF3;n y Museo de Altamira ; </subfield>
    <subfield code="v">15</subfield>
  </datafield>
  <datafield tag="650" ind1="1" ind2="4">
    <subfield code="a">Arte prehist&#xF3;rico-</subfield>
    <subfield code="z">Cantabria (Comunidad Aut&#xF3;noma)</subfield>
    <subfield code="9">10272</subfield>
  </datafield>
  <datafield tag="650" ind1=" " ind2="4">
    <subfield code="a">Arte prehist&#xF3;rico-</subfield>
    <subfield code="z">Asturias (Comunidad Aut&#xF3;noma)</subfield>
    <subfield code="9">10271</subfield>
  </datafield>
  <datafield tag="710" ind1="1" ind2=" ">
    <subfield code="a">Espa&#xF1;a. </subfield>
    <subfield code="b">Subdirecci&#xF3;n General de Arqueolog&#xED;a y Etnograf&#xED;a.</subfield>
    <subfield code="9">3710</subfield>
  </datafield>
  <datafield tag="710" ind1="2" ind2=" ">
    <subfield code="a">Museo y Centro de Investigaci&#xF3;n de Altamira</subfield>
    <subfield code="9">5930</subfield>
  </datafield>
  <datafield tag="830" ind1="0" ind2="0">
    <subfield code="a">Monograf&#xED;as (Centro de Investigaci&#xF3;n y Museo de Altamira)</subfield>
    <subfield code="v">15</subfield>
    <subfield code="9">241422</subfield>
  </datafield>
  <datafield tag="852" ind1=" " ind2=" ">
    <subfield code="a">ES-MaACL</subfield>
    <subfield code="j">L-12166</subfield>
  </datafield>
  <datafield tag="999" ind1=" " ind2=" ">
    <subfield code="c">5381</subfield>
    <subfield code="d">5381</subfield>
  </datafield>
  <datafield tag="952" ind1=" " ind2=" ">
    <subfield code="0">0</subfield>
    <subfield code="1">0</subfield>
    <subfield code="4">0</subfield>
    <subfield code="7">0</subfield>
    <subfield code="a">ATENEOM</subfield>
    <subfield code="b">ATENEOM</subfield>
    <subfield code="c">DEPO2</subfield>
    <subfield code="d">2008-01-17</subfield>
    <subfield code="e">SC</subfield>
    <subfield code="l">0</subfield>
    <subfield code="o">L-12166</subfield>
    <subfield code="p">1005444</subfield>
    <subfield code="r">2023-02-23 00:00:00</subfield>
    <subfield code="w">2023-02-23</subfield>
    <subfield code="y">MONOGRAFIA</subfield>
  </datafield>
</record>
